ENVIRONMENTAL, impact assessments and mitigation
Saved in:
| Format: | Bog |
|---|---|
| Sprog: | engelsk |
| Udgivet: |
CRC Press
2021
|
| Tags: |
Tilføj Tag
Ingen Tags, Vær først til at tagge denne postø!
|
MARC
| LEADER | 00000nam a22000007a 4500 | ||
|---|---|---|---|
| 008 | 240627b |||||||| |||| 00| 0 eng d | ||
| 020 | |a 9780367558017 | ||
| 245 | |a ENVIRONMENTAL, impact assessments and mitigation |c Musaida Mercy Manyuchi...et al |g xxiv, 205p; ill | ||
| 260 | |b CRC Press |c 2021 |h Boca Raton, FL |i 702409 |i 702410 |l TD194.5.En8 |m Environmental impact analysis | ||
| 500 | |a it includes references and index | ||
| 942 | |a lcc |c BK |e Johnson |f 27/06/24 | ||
| 952 | |0 0 |1 0 |2 lcc |4 0 |6 TD01945 E N8 |7 0 |9 5327 |a TL |b HOL |c QZ |d 2024-06-27 |l 0 |o TD194.5.En8 |p 2024-0569 |r 2024-06-27 00:00:00 |t 702409 |w 2024-06-27 |y BK | ||
| 952 | |0 0 |1 0 |2 lcc |4 0 |6 TD01945 E N8 |7 0 |9 5328 |a HOL |b HOL |c QZ |d 2024-06-27 |l 0 |o TD194.5.En8 |p 2024-0570 |r 2024-06-27 00:00:00 |t 702410 |w 2024-06-27 |y BK | ||
| 999 | |c 2640 |d 2640 | ||